00366nam a22001457a 4500003000400000005001700004008004100021020001800062040000900080082002000089100001600109245004300125260004300168300000900211OSt20210123100547.0191015b ||||| |||| 00| 0 eng d a9781524757908 coclc a378.1662bFRA/C aFranek, Rob aCracking The GRE Premium /cRob Franek aNewyork:bPenguin Random House,c2019. a551p